000 00323nam a22001457a 4500
008 210302b ||||| |||| 00| 0 eng d
020 _a9780312480486
041 _aeng
080 _26th
_a82
082 _a82
100 _a21
101 _aGJL
245 _aThe structure of Argument
_cRottenberg, A.T
942 _2udc
_cBK
999 _c55482
_d55482